TEXTBOOK OF PHARMACEUTICAL DISPENSING (Record no. 6033)

MARC details
000 -LEADER
fixed length control field 00381nam a22001457a 4500
005 - DATE AND TIME OF LATEST TRANSACTION
control field 20210827132753.0
008 - FIXED-LENGTH DATA ELEMENTS--GENERAL INFORMATION
fixed length control field 200225b xxu||||| |||| 00| 0 eng d
020 ## - INTERNATIONAL STANDARD BOOK NUMBER
ISBN 978-81-239-2201-0
041 ## - LANGUAGE CODE
Language code of text/sound track or separate title eng
100 ## - MAIN ENTRY--AUTHOR NAME
Personal name GOYAL, AMIT K AND RATH, GAUTAM, NARANG, RK
245 ## - TITLE STATEMENT
Title TEXTBOOK OF PHARMACEUTICAL DISPENSING
260 ## - PUBLICATION, DISTRIBUTION, ETC. (IMPRINT)
Place of publication NEW DELHI
Name of publisher CBS
300 ## - PHYSICAL DESCRIPTION
Number of Pages 293p,
942 ## - ADDED ENTRY ELEMENTS (KOHA)
Koha item type Books
Holdings
Lost status Damaged status Collection code Home library Current library Shelving location Date acquired Source of acquisition Cost, normal purchase price Accession Number Koha item type
    Reference JRU Library JRU Library SHELF-4-B 25/02/2020 PURCHESS 295.00 23653 Books
    PHARMACY JRU Library JRU Library Shelf - 22- B 25/02/2020 PURCHESS 295.00 23654 Books
    PHARMACY JRU Library JRU Library Shelf - 22- B 25/02/2020 PURCHESS 295.00 23655 Books
    PHARMACY JRU Library JRU Library Shelf - 22- B 25/02/2020 PURCHESS 295.00 23656 Books
    PHARMACY JRU Library JRU Library Shelf - 22- B 25/02/2020 PURCHESS 295.00 23657 Books